000 00619nam a2200217Ia 4500
008 160517s9999 xx 000 0 und d
050 _aHD 28
050 _b.B928 2016
100 _aBuen, Michael Anthony.
245 _aSupplies management system for asset management department of SISC /
245 _cMichael Anthony D. Buen.
260 _aLas PiƱas, Philippines :
260 _bSISC,
260 _c2016.
300 _a67 pages :
300 _billustrations ;
300 _c28 cm.
500 _aIncludes bibliographical references and appendices.
521 _aInformation Technology
942 _cTH
999 _c293945
_d293945